Código de comercio de la República Dominicana : (Record no. 6848)
[ view plain ]
| 000 -CABECERA | |
|---|---|
| campo de control de longitud fija | 00827nam a2200181 a 4500 |
| 001 - NÚMERO DE CONTROL | |
| campo de control | 000007065 |
| 005 - FECHA Y HORA DE LA ÚLTIMA TRANSACCIÓN | |
| campo de control | 20200929154046.0 |
| 008 - DATOS DE LONGITUD FIJA--INFORMACIÓN GENERAL | |
| campo de control de longitud fija | 090904s1950 dr 000 0 spa d |
| 040 ## - FUENTE DE LA CATALOGACIÓN | |
| Centro catalogador/agencia de origen | DO-SdBNP |
| Lengua de catalogación | spa |
| Centro/agencia transcriptor | BNPHU |
| 110 2# - ENTRADA PRINCIPAL--NOMBRE DE ENTIDAD CORPORATIVA | |
| Nombre de entidad corporativa o nombre de jurisdicción como elemento de entrada | República Dominicana. |
| Unidad subordinada | [Leyes, etc.] |
| 9 (RLIN) | 11088 |
| 245 10 - MENCIÓN DE TÍTULO | |
| Título | Código de comercio de la República Dominicana : |
| Resto del título | leyes que lo modifican y completan / |
| Mención de responsabilidad, etc. | edición preparada por Francisco A. Hernández. |
| 260 ## - PUBLICACIÓN, DISTRIBUCIÓN, ETC. | |
| Lugar de publicación, distribución, etc. | Ciudad Trujillo, República Dominicana : |
| Nombre del editor, distribuidor, etc. | Stella, |
| Fecha de publicación, distribución, etc. | 1950. |
| 300 ## - DESCRIPCIÓN FÍSICA | |
| Extensión | 188 p. ; |
| Dimensiones | 23 cm. |
| 500 ## - NOTA GENERAL | |
| Nota general | Incluye referencias bibliográficas y notas al pie de las páginas |
| 505 0# - NOTA DE CONTENIDO CON FORMATO | |
| Nota de contenido con formato | Del comercio en general -- |
| Título | Del comercio marítimo -- |
| -- | De las quiebras y bancarrotas -- |
| -- | De la jurisdicción comercial -- |
| 590 ## - NOTA LOCAL (RLIN) | |
| Nota local | Inventariado, 2019/BT |
| 700 12 - PUNTO DE ACCESO ADICIONAL--NOMBRE DE PERSONA | |
| Nombre de persona | Hernández, Francisco A., |
| Término indicativo de función/relación | ed. |
| 9 (RLIN) | 19647 |
| Estado de retiro | Estado de pérdida | Restricciones de uso | No para préstamo | Código de colección | Localización permanente | Ubicación/localización actual | Ubicación en estantería | Fecha de adquisición | Número de inventario | Total de préstamos | Signatura topográfica completa | Código de barras | Fecha visto por última vez | Número de copia | Precio válido a partir de | Tipo de ítem Koha | Nota pública |
|---|---|---|---|---|---|---|---|---|---|---|---|---|---|---|---|---|---|
| Dominicana de Servicio | General | General | Depósito | 12.10.2011 | LF1 | 7065-30 | 25.06.2020 | e.3 | 25.06.2020 | Libro y Folleto Colección Dominicana de Servicio | Perteneció a la biblioteca personal de la familia Reyes Duluc. | ||||||
| Excluido de préstamo | Patrimonio Dominicano | Patrimonio Dominicano | Patrimonio Dominicano | Depósito | 04.09.2009 | LF1 | 7065-10 | 25.06.2020 | 25.06.2020 | Libro y Folleto Colección Patrimonio Dominicano | |||||||
| Excluido de préstamo | Raros y valiosos | Patrimonio Dominicano | Patrimonio Dominicano | Depósito | 25.03.2011 | LF1 | 7065-20 | 25.06.2020 | e.2 | 25.06.2020 | No se presta |
